Statystyki dla Ciasto

Kliknij tutaj aby rozwiązać quiz!

Ogólne statystyki

  • Ten quiz został rozwiązany 820 razy
  • Średni wynik to 12 z 36

Statystyki odpowiedzi

Pierwsza literaCiasto% Poprawnych
SSernik
86%
33Bit
73%
BBabka
71%
SSzarlotka
66%
MMakowiec
65%
JJabłecznik
64%
MMurzynek
55%
KKarpatka
49%
TTort
49%
WWuzetka
42%
MMazurek
39%
BBeza
38%
PPiernik
36%
BBrownie
34%
CCzekoladowe
30%
TTarta
29%
ZZebra
29%
KKeks
28%
DDrożdżowe
25%
MMarchewkowe
23%
KKrówka
20%
OOrzechowiec
20%
TTruskawkowe
20%
BBananowe
18%
MMiodownik
17%
OOwocowe
16%
RRafaello
15%
KKokosowe
14%
BBiszkoptowe
13%
JJagodowe
13%
JJogurtowe
13%
BBounty
12%
MMetrowiec
12%
PPrzekładaniec
10%
SStefanka
8%
CChałwowe
6%

Rozkład punktacji

Percentyl według liczby udzielonych odpowiedzi

Procent ludzi z każdym wynikiem

Twoja historia wyników

Nie rozwiązałeś tego quizu